[Event "XXXVII Olimpiadi femminile"]
[Site "Torino ITA"]
[Date "2006.05.28"]
[Round "7.2"]
[White "Gretarsdottir, Lilja"]
[Black "Hamrakulova, Yulduz"]
[Result "0-1"]
[WhiteElo "2013"]
[BlackElo "2187"]
[Annotator "UZB-ISL"]
[PlyCount "72"]
[EventDate "2006.05.21"]

1. c4 Nf6 2. g3 g6 3. Bg2 Bg7 4. Nc3 O-O 5. e4 e5 6. Nge2 d6 7. O-O Be6 8. d3
Qd7 9. f4 Nc6 10. Nd5 Ne8 11. Be3 f5 12. exf5 Bxf5 13. d4 exf4 14. Nexf4 Nf6
15. Nxf6+ Bxf6 16. Qd2 Rae8 17. Kh1 Kh8 18. Nd5 Bg7 19. Rae1 b6 20. b4 Nd8 21.
Bh6 Ne6 22. Be3 c5 23. dxc5 dxc5 24. b5 Nd4 25. Nc3 Nc2 26. Nd5 Nxe1 27. Rxe1
Bh3 28. a4 Bxg2+ 29. Kxg2 Qg4 30. Qe2 Qe4+ 31. Kg1 Bd4 32. Qd2 Bxe3+ 33. Nxe3
Qd4 34. Qxd4+ cxd4 35. Ng2 Rxe1+ 36. Nxe1 Rc8 0-1

[Event "XXXVII Olimpiadi femminile"]
[Site "Torino ITA"]
[Date "2006.05.28"]
[Round "7.3"]
[White "Khamrakulova, Shakhnoza"]
[Black "Fridthjofsdottir, Sigurlaug Regina"]
[Result "1-0"]
[WhiteElo "2032"]
[BlackElo "1876"]
[Annotator "UZB-ISL"]
[PlyCount "113"]
[EventDate "2006.05.21"]

1. e4 e6 2. d4 d5 3. exd5 exd5 4. Bd3 Bd6 5. c3 Ne7 6. Bg5 O-O 7. Qh5 g6 8. Qh4
Re8 9. Ne2 Qd7 10. O-O Qg4 11. Ng3 Qxh4 12. Bxh4 Be6 13. Nd2 Nd7 14. Rae1 c5
15. dxc5 Nxc5 16. Bb5 Nc6 17. b4 Nd7 18. Nb3 a6 19. Bxc6 bxc6 20. Ne2 c5 21.
bxc5 Nxc5 22. Bf6 Nd3 23. Rb1 Rac8 24. Nbd4 Nf4 25. Rb6 Nxe2+ 26. Nxe2 Bc5 27.
Rb7 Rb8 28. Rc7 Bf8 29. Nd4 Rbc8 30. Ra7 Ra8 31. Rxa8 Rxa8 32. h3 Bg7 33. Be7
Re8 34. Bb4 Bd7 35. Rd1 Ba4 36. Nb3 Bc6 37. Nc5 Re2 38. Nxa6 Rxa2 39. Nb8 Bb7
40. Re1 h5 41. Re8+ Kh7 42. Re7 Ra1+ 43. Kh2 Bc8 44. Rxf7 Ra8 45. Nc6 Kg8 46.
Re7 Ba6 47. Rd7 Bc4 48. Ne7+ Kh7 49. Nxd5 Kh6 50. Nb6 Be5+ 51. g3 Bb5 52. Rd5
Bc6 53. Rxe5 Ra1 54. Nd5 Ra2 55. Bc5 Ra5 56. Bf8+ Kh7 57. Nf6+ 1-0

[Event "XXXVII Olimpiadi femminile"]
[Site "Torino ITA"]
[Date "2006.05.28"]
[Round "7.1"]
[White "Melnik, Galina"]
[Black "Koskoska, Gabriela"]
[Result "1/2-1/2"]
[WhiteElo "2079"]
[BlackElo "2220"]
[Annotator "IPCA-MKD"]
[PlyCount "37"]
[EventDate "2006.05.21"]

1. d4 Nf6 2. Nf3 c5 3. d5 b5 4. Bg5 Bb7 5. Bxf6 exf6 6. e4 c4 7. Be2 Bc5 8. c3
O-O 9. Nd4 Qb6 10. a4 a6 11. O-O Re8 12. f3 f5 13. Kh1 fxe4 14. fxe4 Rxe4 15.
Bf3 Re8 16. Na3 Bxa3 17. bxa3 d6 18. Rb1 Nd7 19. axb5 1/2-1/2

[Event "XXXVII Olimpiadi femminile"]
[Site "Torino ITA"]
[Date "2006.05.28"]
[Round "7.2"]
[White "Sekulovska, Vesna"]
[Black "Dymshits, Galina"]
[Result "1-0"]
[WhiteElo "2139"]
[BlackElo "2048"]
[Annotator "IPCA-MKD"]
[PlyCount "113"]
[EventDate "2006.05.21"]

1. d4 Nf6 2. c4 d6 3. Nc3 e5 4. Nf3 Nbd7 5. g3 g6 6. Bg2 Bg7 7. dxe5 dxe5 8.
O-O O-O 9. Qc2 c6 10. h3 Re8 11. Bg5 Qc7 12. Rad1 Nb6 13. b3 Be6 14. Qc1 Rad8
15. Bh6 Bh8 16. Ng5 Bc8 17. c5 Nbd5 18. Nce4 Bg7 19. Bxg7 Kxg7 20. Nd6 Re7 21.
e4 Nb4 22. a3 Na6 23. f4 Nh5 24. fxe5 Nxg3 25. Rf2 Be6 26. Qc3 Nh5 27. Rdf1
Rdd7 28. Ndxf7 h6 29. Nxe6+ Rxe6 30. Nd6 Qd8 31. Rf7+ Rxf7 32. Rxf7+ Kg8 33.
Qc4 Nxc5 34. b4 Qg5 35. bxc5 Qxe5 36. Rxb7 Nf4 37. Nf7 Qh5 38. Qb3 Qxc5+ 39.
Kh2 Ne2 40. Qd1 Nd4 41. Qf1 Re7 42. Nxh6+ Kg7 43. Rxe7+ Qxe7 44. Ng4 c5 45. Qf4
g5 46. Qd2 Kg6 47. e5 Ne6 48. Qc2+ Kg7 49. Qf5 Nf4 50. Be4 Qe6 51. Qxg5+ Ng6
52. Qh6+ Kf7 53. Bxg6+ Qxg6 54. Qxg6+ Kxg6 55. e6 c4 56. Ne5+ Kf6 57. Nxc4 1-0

[Event "XXXVII Olimpiadi femminile"]
[Site "Torino ITA"]
[Date "2006.05.28"]
[Round "7.2"]
[White "Wan, Khye Theng"]
[Black "Jiretorn, Eva"]
[Result "1/2-1/2"]
[WhiteElo "1989"]
[BlackElo "2117"]
[Annotator "SWE-MAS"]
[PlyCount "87"]
[EventDate "2006.05.21"]

1. e4 c5 2. Nc3 Nc6 3. g3 g6 4. Bg2 Bg7 5. d3 e6 6. Be3 d6 7. Qd2 Nge7 8. Bh6
O-O 9. h4 Bxh6 10. Qxh6 f6 11. O-O-O b5 12. Qe3 b4 13. Nce2 Qa5 14. Kb1 e5 15.
f4 Be6 16. Nc1 Rab8 17. h5 gxh5 18. Bf3 Nd4 19. Bxh5 Bxa2+ 20. Nxa2 Rb6 21. Nf3
Ra6 22. Nxd4 Qxa2+ 23. Kc1 cxd4 24. Qf3 Qa1+ 25. Kd2 Qxb2 26. Qg4+ Kh8 27. Bg6
Qc3+ 28. Ke2 Qxc2+ 29. Rd2 Qxd2+ 30. Kxd2 Ra2+ 31. Kc1 Ra1+ 32. Kb2 Rxh1 33.
Bf5 Nxf5 34. Qxf5 a5 35. Qe6 Rh2+ 36. Kb3 Rd2 37. Qxd6 Rxd3+ 38. Kb2 Kg7 39.
fxe5 fxe5 40. Qe7+ Rf7 41. Qxe5+ Kg6 42. Qe6+ Kg7 43. Qe5+ Kg6 44. Qe6+ 1/2-1/2

[Event "XXXVII Olimpiadi femminile"]
[Site "Torino ITA"]
[Date "2006.05.28"]
[Round "7.3"]
[White "Andersson, Christin"]
[Black "Marmono, Roslina"]
[Result "1/2-1/2"]
[WhiteElo "2170"]
[BlackElo "1976"]
[Annotator "SWE-MAS"]
[PlyCount "92"]
[EventDate "2006.05.21"]

1. e4 e6 2. d4 d5 3. Nc3 Nf6 4. Bg5 Bb4 5. e5 h6 6. Bd2 Bxc3 7. bxc3 Ne4 8. Bd3
Nxd2 9. Qxd2 c5 10. f4 Nc6 11. Nf3 Qa5 12. Be2 Bd7 13. O-O cxd4 14. Nxd4 Nxd4
15. Qxd4 Rc8 16. Rf3 Qc5 17. Rb1 b6 18. Rb4 Ke7 19. Qxc5+ Rxc5 20. c4 Rhc8 21.
Ra3 R8c7 22. cxd5 Rxd5 23. Bd3 Rdc5 24. Kf2 Rc3 25. Rxc3 Rxc3 26. Ke2 Ra3 27.
Bc4 Ra4 28. c3 Rxb4 29. cxb4 Bc6 30. g4 g6 31. h4 Bb7 32. Ke3 Bc6 33. Bd3 Bd5
34. a3 Bb3 35. Be4 Bd1 36. Bf3 Bb3 37. Kd3 Ba2 38. Kc3 Kd7 39. Be4 Ke7 40. Bd3
Bd5 41. Be2 Kd8 42. Kd4 Ke7 43. f5 g5 44. hxg5 hxg5 45. f6+ Kd8 46. b5 Bg2
1/2-1/2

[Event "XXXVII Olimpiadi femminile"]
[Site "Torino ITA"]
[Date "2006.05.28"]
[Round "7.2"]
[White "Dengler, Dijana"]
[Black "Morales Mendoza, Luciana"]
[Result "1/2-1/2"]
[WhiteElo "2144"]
[BlackElo "2154"]
[Annotator "PER-BIH"]
[PlyCount "134"]
[EventDate "2006.05.21"]

1. d4 e6 2. Nf3 Nf6 3. e3 b6 4. Bd3 Bb7 5. O-O d5 6. b3 Bd6 7. Bb2 Ne4 8. Nbd2
Nd7 9. c4 f5 10. Ne5 Bxe5 11. dxe5 Nxd2 12. Qxd2 Nc5 13. Be2 Qg5 14. f3 Rd8 15.
Qc3 O-O 16. Bc1 Qh4 17. b4 Nd7 18. c5 bxc5 19. bxc5 Qa4 20. Ba3 Bc6 21. Rfd1
Qh4 22. f4 Rb8 23. Qa5 Qd8 24. Qa6 Nxe5 25. fxe5 Qd7 26. Rd4 Rb7 27. Qa5 Rfb8
28. Ba6 Rb1+ 29. Rxb1 Rxb1+ 30. Kf2 Ra1 31. Bb2 Rb1 32. Qb4 Qd8 33. Bd3 Rh1 34.
h3 h5 35. Bb5 Bxb5 36. Qxb5 h4 37. Qe2 Qg5 38. Qf3 Rb1 39. Rd2 Qe7 40. Bd4 c6
41. Rb2 Rxb2+ 42. Bxb2 Qb7 43. Bd4 Qb1 44. Qe2 Qb7 45. Qb2 Qc7 46. Qb4 Kf7 47.
Bc3 g5 48. a4 Ke8 49. a5 Kd7 50. a6 Kc8 51. Qa4 Kd7 52. Qb4 Kc8 53. g3 hxg3+
54. Kxg3 Qh7 55. Qa4 f4+ 56. Kg2 Kd7 57. exf4 Qd3 58. Qb4 Qe2+ 59. Kg3 gxf4+
60. Kxf4 Qf2+ 61. Kg4 Qg2+ 62. Kh4 Qf2+ 63. Kg4 Qg2+ 64. Kf4 Qf2+ 65. Kg5 Qf5+
66. Kh4 Qf2+ 67. Kg4 Qg2+ 1/2-1/2

[Event "XXXVII Olimpiadi femminile"]
[Site "Torino ITA"]
[Date "2006.05.28"]
[Round "7.3"]
[White "Aliaga Fernandez, Ingrid Yadira"]
[Black "Dedijer, Sanja"]
[Result "1-0"]
[WhiteElo "2019"]
[BlackElo "2068"]
[Annotator "PER-BIH"]
[PlyCount "95"]
[EventDate "2006.05.21"]

1. e4 e6 2. d4 d5 3. Nc3 Nf6 4. e5 Nfd7 5. f4 c5 6. Nf3 Nc6 7. Be3 a6 8. Qd2 b5
9. dxc5 Bxc5 10. Bxc5 Nxc5 11. Qf2 Qb6 12. Bd3 b4 13. Ne2 a5 14. O-O Rb8 15.
Kh1 Nxd3 16. Qxb6 Rxb6 17. cxd3 Ba6 18. Rfd1 Ke7 19. Ned4 a4 20. Kg1 Rc8 21.
Kf2 Na5 22. Ke3 Rb7 23. g4 Rbc7 24. h4 Rb8 25. h5 a3 26. b3 Rbc8 27. Rh1 Rc3
28. Rad1 Nb7 29. h6 g6 30. Rh2 Nc5 31. Ne1 f6 32. exf6+ Kxf6 33. Ne2 d4+ 34.
Kxd4 Rd8+ 35. Ke3 Rdxd3+ 36. Nxd3 Rxd3+ 37. Rxd3 Bxd3 38. Nd4 e5 39. g5+ Ke7
40. fxe5 Bb1 41. Nc6+ Ke6 42. Nxb4 Kxe5 43. Rh1 Be4 44. Rc1 Ne6 45. Nc2 Nxg5
46. Nxa3 Nf7 47. Nc4+ Kf5 48. Rf1+ 1-0

[Event "XXXVII Olimpiadi femminile"]
[Site "Torino ITA"]
[Date "2006.05.28"]
[Round "7.1"]
[White "Goi, Veronika"]
[Black "Leite, Catarina"]
[Result "0-1"]
[WhiteElo "1913"]
[BlackElo "2218"]
[Annotator "ITA2-POR"]
[PlyCount "100"]
[EventDate "2006.05.21"]

1. d4 d6 2. e4 Nf6 3. Bd3 Nbd7 4. Ne2 c5 5. c3 c4 6. Bc2 b5 7. f3 a6 8. Be3 e5
9. O-O Be7 10. Nd2 d5 11. Kh1 O-O 12. Ng3 Re8 13. Nf5 Bf8 14. Bg5 Qb6 15. Be3
Qc7 16. Qe1 g6 17. Qg3 Kh8 18. Nh6 Re7 19. Bg5 Nh5 20. Qh4 f6 21. Be3 exd4 22.
Ng4 dxe3 23. Nxe3 Nb6 24. f4 Bh6 25. g4 Bxf4 26. gxh5 g5 27. Qf2 dxe4 28. Rad1
Qc5 29. Rfe1 Bb7 30. Ndf1 Nd5 31. Qg1 Rae8 32. Nxd5 e3 33. Re2 Bxd5+ 34. Rxd5
Qxd5+ 35. Qg2 Qxg2+ 36. Kxg2 Re5 37. Kf3 Kg7 38. h3 f5 39. h4 h6 40. Bb1 Kf6
41. Bc2 R5e6 42. Bb1 Ke5 43. a3 g4+ 44. Kg2 Kf6 45. Bc2 Rd8 46. Kg1 Rde8 47.
Kg2 Bc7 48. Nh2 Bxh2 49. Kxh2 f4 50. Re1 Rd8 0-1

[Event "XXXVII Olimpiadi femminile"]
[Site "Torino ITA"]
[Date "2006.05.28"]
[Round "7.3"]
[White "Brunello, Marina"]
[Black "Baptista, Ana Filipa"]
[Result "1/2-1/2"]
[WhiteElo "1920"]
[BlackElo "2030"]
[Annotator "ITA2-POR"]
[PlyCount "89"]
[EventDate "2006.05.21"]

1. e4 e5 2. Nf3 Nc6 3. d4 exd4 4. Nxd4 Bc5 5. Be3 Qf6 6. c3 Nge7 7. Bc4 O-O 8.
O-O Qg6 9. Nd2 Ne5 10. Be2 d5 11. Bh5 Qd6 12. f4 N5c6 13. f5 f6 14. Kh1 Bb6 15.
Qg4 g6 16. Bh6 Ne5 17. Qg3 Rf7 18. fxg6 hxg6 19. Bf4 Rh7 20. Bd1 Be6 21. Bb3 c6
22. exd5 cxd5 23. Rae1 Rh5 24. Bd1 Rh7 25. Bxe5 fxe5 26. Nxe6 Qxe6 27. Qxe5
Qxe5 28. Rxe5 Nf5 29. Rf3 Bc7 30. Rxd5 Bxh2 31. Nf1 Bc7+ 32. Rh3 Rxh3+ 33. gxh3
Re8 34. Bb3 Kf8 35. Rd7 Re7 36. Rxe7 Kxe7 37. Kg2 Bf4 38. Bd5 b6 39. Kf3 Bc1
40. b3 Bb2 41. c4 a5 42. Nd2 Nd6 43. Kg4 Kf6 44. Nb1 Nf5 45. Kf4 1/2-1/2

[Event "XXXVII Olimpiadi femminile"]
[Site "Torino ITA"]
[Date "2006.05.28"]
[Round "7.1"]
[White "Nuritdinova, Elena"]
[Black "Khoudgarian, Natalia"]
[Result "0-1"]
[WhiteElo "2087"]
[BlackElo "2123"]
[Annotator "TJK-CAN"]
[PlyCount "84"]
[EventDate "2006.05.21"]

1. e4 e6 2. d4 d5 3. Nc3 Bb4 4. e5 Qd7 5. a3 Bf8 6. Be3 b6 7. b4 c5 8. Bb5 Nc6
9. dxc5 bxc5 10. Bxc5 Bxc5 11. bxc5 Nge7 12. Nf3 O-O 13. O-O Qc7 14. Bxc6 Qxc6
15. Qd4 Ba6 16. Rfb1 Rfc8 17. Qa4 Qxc5 18. Nxd5 Nxd5 19. Qxa6 Qxc2 20. h3 Nf4
21. Qf1 Qe4 22. Re1 Nxh3+ 23. Kh2 Qg4 24. Qd3 Nxf2 25. Qe2 Qf4+ 26. g3 Ng4+ 27.
Kg2 Qc4 28. Qxc4 Rxc4 29. Rac1 Rac8 30. Rxc4 Rxc4 31. Rb1 g6 32. Rb7 Ra4 33.
Kh3 h5 34. Rb8+ Kg7 35. Rb7 Rxa3 36. Ng5 Nxe5 37. Nxe6+ Kf6 38. Nf4 h4 39. Nd5+
Kg5 40. Re7 Rxg3+ 41. Kh2 Nf3+ 42. Kh1 Rg1# 0-1

[Event "XXXVII Olimpiadi femminile"]
[Site "Torino ITA"]
[Date "2006.05.28"]
[Round "7.1"]
[White "Kopinits, Anna-Christina"]
[Black "Frick, Denise"]
[Result "0-1"]
[WhiteElo "2078"]
[BlackElo "1907"]
[Annotator "AUT-RSA"]
[PlyCount "116"]
[EventDate "2006.05.21"]

1. e4 c5 2. Nf3 e6 3. d4 cxd4 4. Nxd4 a6 5. Nc3 Qc7 6. Be2 b5 7. f4 Bb7 8. a3
Nf6 9. Bf3 Nc6 10. Be3 d6 11. O-O Be7 12. e5 dxe5 13. Nxc6 Bxc6 14. fxe5 Rd8
15. Qe1 Nd7 16. Bxc6 Qxc6 17. Qg3 Bc5 18. Rae1 O-O 19. Kh1 Bxe3 20. Rxe3 Nb6
21. Qg5 Qc4 22. Rfe1 h6 23. Qh5 Qf4 24. h4 g6 25. Qe2 Qxh4+ 26. Rh3 Qf4 27. Rf1
Qc4 28. Qf2 Rd2 29. Qf3 Nd5 30. Rxh6 Ne3 31. Re1 Nf5 32. Rh3 Kg7 33. Ne4 Rxc2
34. Nf6 Rh8 35. Rxh8 Kxh8 36. Qa8+ Qc8 37. Qxc8+ Rxc8 38. g4 Ne7 39. Kg2 Kg7
40. Rh1 g5 41. Nh5+ Kg6 42. Rf1 Nf5 43. Rf2 Rc4 44. Nf6 Ne3+ 45. Kf3 Nd5 46.
Nxd5 exd5 47. Rd2 Rf4+ 48. Kg3 d4 49. b3 Re4 50. Rd3 f5 51. exf6 Kxf6 52. Kf3
Ke5 53. a4 Rf4+ 54. Kg3 Ke4 55. Rd1 Rf3+ 56. Kg2 Rxb3 57. axb5 axb5 58. Re1+
Kf4 0-1

[Event "XXXVII Olimpiadi femminile"]
[Site "Torino ITA"]
[Date "2006.05.28"]
[Round "7.3"]
[White "Horvath, Maria"]
[Black "Laubscher, Anzel"]
[Result "1/2-1/2"]
[WhiteElo "2057"]
[BlackElo "1856"]
[Annotator "AUT-RSA"]
[PlyCount "30"]
[EventDate "2006.05.21"]

1. d4 d5 2. c4 c6 3. Nf3 Nf6 4. Nc3 dxc4 5. a4 Bf5 6. Ne5 Nbd7 7. Nxc4 Qc7 8.
f3 e5 9. dxe5 Nxe5 10. e4 Be6 11. Nxe5 Qxe5 12. Be3 Rd8 13. Qc2 Qa5 14. Qf2 Bb4
15. Bd4 Be7 1/2-1/2

[Event "XXXVII Olimpiadi femminile"]
[Site "Torino ITA"]
[Date "2006.05.28"]
[Round "7.1"]
[White "Martinez Porras, Ingrid Lorena"]
[Black "Milligan, Helen"]
[Result "1/2-1/2"]
[WhiteElo "1911"]
[BlackElo "2053"]
[Annotator "GUA-SCO"]
[PlyCount "165"]
[EventDate "2006.05.21"]

1. c4 Nf6 2. g3 d5 3. cxd5 Nxd5 4. Bg2 e5 5. Nc3 Nb6 6. Nf3 Bd6 7. d4 Nc6 8.
O-O O-O 9. dxe5 Nxe5 10. Ng5 Be7 11. Nge4 c6 12. Qc2 Be6 13. Bf4 Ng6 14. Rad1
Qc8 15. Bd6 Bf5 16. Qc1 Bxe4 17. Nxe4 Rd8 18. Bxe7 Nxe7 19. Qg5 Nbd5 20. Nc5 h6
21. Qe5 Ng6 22. Qe4 b6 23. Nd3 Re8 24. Qf3 Qe6 25. Rfe1 Rad8 26. a3 Ne5 27.
Nxe5 Qxe5 28. Qb3 Ne7 29. e3 c5 30. f4 Qc7 31. Qc2 Rxd1 32. Rxd1 Rd8 33. Rxd8+
Qxd8 34. Kf2 Qd7 35. Ke2 Qb5+ 36. Kd2 Qd7+ 37. Qd3 Qc7 38. Kc2 Nc8 39. Qd5 Ne7
40. Qa8+ Kh7 41. Be4+ f5 42. Bg2 c4 43. Qf3 Qd6 44. Qe2 b5 45. Qd2 Qc7 46. e4
fxe4 47. Bxe4+ g6 48. Qd4 a5 49. Qf6 Qc5 50. Qf7+ Kh8 51. Bxg6 Nxg6 52. Qxg6
Qf2+ 53. Kb1 Qxh2 54. f5 c3 55. Qf6+ Kg8 56. Qxc3 a4 57. Qc8+ Kf7 58. Qe6+ Kf8
59. f6 Qg1+ 60. Ka2 Qc5 61. f7 Qc4+ 62. Qxc4 bxc4 63. Kb1 Kxf7 64. Kc2 Kf6 65.
Kc3 Kf5 66. Kxc4 Kg4 67. b4 axb3 68. Kxb3 Kxg3 69. a4 h5 70. a5 h4 71. a6 h3
72. a7 Kg2 73. a8=Q+ Kg1 74. Qg8+ Kh1 75. Kc3 h2 76. Qh7 Kg1 77. Qg6+ Kh1 78.
Qh5 Kg1 79. Qg4+ Kh1 80. Qe2 Kg1 81. Qg4+ Kh1 82. Qd1+ Kg2 83. Qg4+ 1/2-1/2

[Event "XXXVII Olimpiadi femminile"]
[Site "Torino ITA"]
[Date "2006.05.28"]
[Round "7.1"]
[White "Perez, Eneida"]
[Black "Shabanaj, Eglantina"]
[Result "1/2-1/2"]
[WhiteElo "2110"]
[BlackElo "2140"]
[Annotator "DOM-ALB"]
[PlyCount "61"]
[EventDate "2006.05.21"]

1. d4 f5 2. e3 Nf6 3. Bd3 e6 4. b3 d5 5. f4 Bd6 6. Nf3 O-O 7. c4 c6 8. O-O Ne4
9. Ne5 Nd7 10. Ba3 Bxa3 11. Nxa3 Rf6 12. Bxe4 fxe4 13. Qe2 Qe7 14. c5 a5 15.
Nc2 Nxe5 16. fxe5 Rxf1+ 17. Qxf1 b6 18. cxb6 Ba6 19. Qe1 Bd3 20. Qd2 Rf8 21. h3
Qb7 22. Rc1 Qxb6 23. Qc3 Qc7 24. Kh2 Rc8 25. Ne1 Bb5 26. a4 Be2 27. Rc2 Bh5 28.
Qc5 Bf7 29. Rf2 Rb8 30. Qc3 h6 31. Rb2 1/2-1/2

[Event "XXXVII Olimpiadi femminile"]
[Site "Torino ITA"]
[Date "2006.05.28"]
[Round "7.2"]
[White "Pasku, Roela"]
[Black "De La Cruz, Mercedes"]
[Result "1/2-1/2"]
[WhiteElo "1892"]
[BlackElo "2101"]
[Annotator "DOM-ALB"]
[PlyCount "62"]
[EventDate "2006.05.21"]

1. d4 Nf6 2. c4 g6 3. Nc3 Bg7 4. e4 O-O 5. f3 d6 6. Be3 Nc6 7. Qd2 Re8 8. Nge2
a6 9. O-O-O Bd7 10. g4 b5 11. Ng3 b4 12. Nce2 Na5 13. b3 Nc6 14. h4 a5 15. h5
a4 16. hxg6 fxg6 17. g5 axb3 18. axb3 Ra1+ 19. Kb2 Ra3 20. Nc1 Nh5 21. Nxh5
gxh5 22. Rxh5 Qa8 23. Qh2 Ra1 24. Rxh7 Qa3+ 25. Kc2 Nxd4+ 26. Kd3 Nxb3 27.
Rxg7+ Kxg7 28. Qh6+ Kg8 29. Qg6+ Kf8 30. Qh6+ Kg8 31. Qg6+ Kf8 1/2-1/2

[Event "XXXVII Olimpiadi femminile"]
[Site "Torino ITA"]
[Date "2006.05.28"]
[Round "7.3"]
[White "Jose' Polanco, Kenia"]
[Black "Shabanaj, Alda"]
[Result "1/2-1/2"]
[WhiteElo "2025"]
[BlackElo "2037"]
[Annotator "DOM-ALB"]
[PlyCount "65"]
[EventDate "2006.05.21"]

1. d4 f5 2. Nc3 d5 3. Bf4 c6 4. e3 Nf6 5. Nf3 e6 6. h3 Be7 7. Bd3 Nbd7 8. Ne5
O-O 9. g4 Ne4 10. gxf5 exf5 11. Ne2 Bh4 12. Rh2 Qf6 13. Rg2 Ng5 14. Ng1 g6 15.
Nef3 Nxf3+ 16. Nxf3 Qe7 17. Qe2 Bf6 18. Bxf5 c5 19. Bh6 Rf7 20. c3 cxd4 21.
exd4 Nb6 22. Bxc8 Rxc8 23. Nd2 Qd7 24. Qg4 Re8+ 25. Kd1 Qb5 26. b3 Rfe7 27. Be3
Qd3 28. Rc1 Rc8 29. Qf3 Rf7 30. Qe2 Qf5 31. Qg4 Qd3 32. Qe2 Qf5 33. Qg4 1/2-1/2

[Event "XXXVII Olimpiadi femminile"]
[Site "Torino ITA"]
[Date "2006.05.28"]
[Round "7.1"]
[White "Methmali, Uluwitike Gamage Yashod"]
[Black "Al Rufaye, Iman Hasan Mohammed"]
[Result "0-1"]
[WhiteElo "1872"]
[BlackElo "2118"]
[Annotator "SRI-IRQ"]
[PlyCount "82"]
[EventDate "2006.05.21"]

1. e4 e5 2. Nf3 Nc6 3. Bb5 a6 4. Bxc6 dxc6 5. O-O Bg4 6. h3 Bxf3 7. Qxf3 Bc5 8.
Qg3 Qf6 9. d3 h6 10. Nd2 Ne7 11. Nf3 Ng6 12. Bd2 O-O-O 13. Rfe1 Kb8 14. b4 Ba7
15. a4 Rhe8 16. Ra2 Nf4 17. Kf1 g5 18. Rea1 Rg8 19. b5 h5 20. h4 g4 21. Ne1 Qd6
22. bxa6 bxa6 23. Rb1+ Ka8 24. Rab2 f5 25. exf5 Rgf8 26. Be3 c5 27. Qh2 Rxf5
28. g3 Nd5 29. Qg2 c6 30. Kg1 Nxe3 31. fxe3 c4 32. Qe4 Rdf8 33. Ng2 Qd5 34.
Qxd5 cxd5 35. dxc4 dxc4 36. Kh2 Rf2 37. c3 Bxe3 38. Rxf2 Bxf2 39. Rb4 Rf3 40.
Rb2 Bxg3+ 41. Kg1 Rxc3 0-1

[Event "XXXVII Olimpiadi femminile"]
[Site "Torino ITA"]
[Date "2006.05.28"]
[Round "7.2"]
[White "Ibraheem, Delbak Ismael Ibraheem"]
[Black "Koswatte, Chandrika Thilini"]
[Result "1-0"]
[WhiteElo "1897"]
[BlackElo "1839"]
[Annotator "SRI-IRQ"]
[PlyCount "69"]
[EventDate "2006.05.21"]

1. e4 d6 2. d4 g6 3. Nc3 Nf6 4. f4 Bg7 5. e5 dxe5 6. fxe5 Nd5 7. Bc4 Nxc3 8.
bxc3 e6 9. Nf3 O-O 10. Bg5 Qd7 11. Qd2 b6 12. O-O Bb7 13. Qf4 Nc6 14. Qh4 Rae8
15. Bb5 a6 16. Bxc6 Bxc6 17. Bf6 h6 18. Nd2 Kh7 19. Ne4 Bxe4 20. Qxe4 Bxf6 21.
Rxf6 Qd5 22. Qd3 b5 23. Raf1 Kg7 24. R1f3 c5 25. Rg3 g5 26. h4 cxd4 27. cxd4
Rd8 28. c3 b4 29. hxg5 bxc3 30. gxh6+ Kh8 31. Rf4 Rc8 32. Rg7 f5 33. exf6 Qf5
34. Rxf5 c2 35. Rf1 1-0

[Event "XXXVII Olimpiadi femminile"]
[Site "Torino ITA"]
[Date "2006.05.28"]
[Round "7.1"]
[White "Ramirez, Maria Eugenia"]
[Black "Cast, Abigail"]
[Result "0-1"]
[WhiteElo "1940"]
[BlackElo "2116"]
[Annotator "BOL-WLS"]
[PlyCount "72"]
[EventDate "2006.05.21"]

1. e4 e6 2. d4 d5 3. exd5 exd5 4. Bd3 Bd6 5. c3 Nc6 6. Nf3 Nge7 7. Bg5 Bg4 8.
Nbd2 O-O 9. Qc2 h6 10. Bh4 Qd7 11. O-O-O Bf5 12. Bg3 Bxd3 13. Qxd3 Ng6 14. Bxd6
Qxd6 15. g3 Rab8 16. h4 b5 17. h5 Nge7 18. Rhg1 Na5 19. g4 b4 20. g5 bxc3 21.
Qxc3 Nc4 22. Nxc4 dxc4 23. d5 Rb5 24. Qe5 Rd8 25. Rg4 c3 26. Qxc3 Nxd5 27. Qd2
Qc6+ 28. Kb1 Nc3+ 29. Qxc3 Rxd1+ 30. Kc2 Qxc3+ 31. bxc3 Rd6 32. Nd4 Rxg5 33.
Rxg5 hxg5 34. Nf3 Rf6 35. Nxg5 Rxf2+ 36. Kb3 Rf5 0-1

[Event "XXXVII Olimpiadi femminile"]
[Site "Torino ITA"]
[Date "2006.05.28"]
[Round "7.2"]
[White "Wilson, Julie"]
[Black "Cordero, Daniela"]
[Result "1-0"]
[WhiteElo "1945"]
[BlackElo "2031"]
[Annotator "BOL-WLS"]
[PlyCount "45"]
[EventDate "2006.05.21"]

1. d4 d5 2. c4 e6 3. Nf3 Nf6 4. Nc3 Be7 5. e3 Nbd7 6. Qc2 O-O 7. Bd2 b6 8. cxd5
exd5 9. Bd3 Bb7 10. O-O Rc8 11. Ne5 Nxe5 12. dxe5 Ne4 13. Be1 c5 14. Rd1 Nxc3
15. Bxh7+ Kh8 16. Bxc3 Qc7 17. Bf5 Rcd8 18. Qe2 Bg5 19. Qh5+ Bh6 20. e6 fxe6
21. Qxh6+ Kg8 22. Bxe6+ Rf7 23. Qxg7# 1-0

[Event "XXXVII Olimpiadi femminile"]
[Site "Torino ITA"]
[Date "2006.05.28"]
[Round "7.2"]
[White "Quinn, Deborah"]
[Black "Mudongo, Boikhutso"]
[Result "0-1"]
[WhiteElo "1813"]
[BlackElo "1951"]
[Annotator "BOT-IRL"]
[PlyCount "126"]
[EventDate "2006.05.21"]

1. e4 c5 2. Nc3 a6 3. f4 b5 4. d3 Bb7 5. Nf3 e6 6. g3 b4 7. Ne2 Nf6 8. Bg2 Be7
9. O-O O-O 10. h3 d5 11. e5 Nfd7 12. d4 Nc6 13. Kh1 f6 14. exf6 Bxf6 15. dxc5
Nxc5 16. Ned4 Qd6 17. Nxc6 Bxc6 18. Nd4 Bb7 19. Re1 Ne4 20. Bxe4 dxe4 21. Be3
Rad8 22. c3 Bd5 23. Qa4 bxc3 24. bxc3 e5 25. Ne2 exf4 26. gxf4 Qe6 27. Kh2 Bc4
28. Nd4 Qf7 29. a3 Kh8 30. Qc6 Bxd4 31. cxd4 Bd3 32. Rac1 Qh5 33. Qb7 Rb8 34.
Qe7 Rb2+ 35. Kg1 Rg8 36. Qg5 Qxh3 37. Bf2 Qf3 38. Qg3 Qh5 39. Rc7 Qd5 40. Qg5
Qd6 41. Rec1 Rb1 42. Rxb1 Bxb1 43. Rc1 Bd3 44. Be3 Qxa3 45. f5 Qd6 46. Kf2 Qh2+
47. Qg2 Qxg2+ 48. Kxg2 Rf8 49. d5 h6 50. d6 Bb5 51. Rc7 Rd8 52. f6 gxf6 53.
Bxh6 Rd7 54. Rc8+ Kh7 55. Bf4 Kg6 56. Kf2 Kf5 57. Ke3 Bd3 58. Bg3 Bb5 59. Bf4
Bd3 60. Bg3 Ke6 61. Rf8 f5 62. Bf4 Bb5 63. Kd4 Rf7 0-1

[Event "XXXVII Olimpiadi femminile"]
[Site "Torino ITA"]
[Date "2006.05.29"]
[Round "8.2"]
[White "Gaponenko, Inna"]
[Black "Madl, Ildiko"]
[Result "1-0"]
[WhiteElo "2430"]
[BlackElo "2387"]
[Annotator "HUN-UKR"]
[PlyCount "96"]
[EventDate "2006.05.21"]

1. e4 c5 2. Nf3 d6 3. d4 cxd4 4. Nxd4 Nf6 5. Nc3 Nc6 6. f3 e5 7. Nb3 Be7 8. Be3
O-O 9. Qd2 a5 10. Bb5 Be6 11. Rd1 Na7 12. Be2 Nc8 13. Qc1 Qc7 14. Nb5 Qc6 15.
c4 a4 16. Nd2 Bd8 17. Nf1 Ne8 18. Ng3 Bb6 19. Nf5 Bxe3 20. Nxe3 Ne7 21. O-O Qc5
22. Kh1 g6 23. Qd2 Nc6 24. Nd5 Kg7 25. b4 axb3 26. axb3 Bxd5 27. cxd5 Ne7 28.
b4 Qb6 29. f4 Nf6 30. fxe5 dxe5 31. d6 Neg8 32. Qg5 Ra2 33. Bc4 Rc2 34. Bd3 Rb2
35. Qxe5 Rxb4 36. Nc7 Rd4 37. Nd5 Rxd5 38. exd5 Rd8 39. Rb1 Qc5 40. g4 Rxd6 41.
g5 Qxd5+ 42. Qxd5 Nxd5 43. Rxb7 Nge7 44. Bc4 Nf5 45. Bb3 Rd8 46. Kg1 Rd6 47.
Rd1 Nfe3 48. Rd3 h6 1-0

[Event "XXXVII Olimpiadi femminile"]
[Site "Torino ITA"]
[Date "2006.05.29"]
[Round "8.2"]
[White "Voiska, Margarita"]
[Black "Dzagnidze, Nana"]
[Result "1-0"]
[WhiteElo "2314"]
[BlackElo "2454"]
[Annotator "GEO-BUL"]
[PlyCount "101"]
[EventDate "2006.05.21"]

1. Nf3 c5 2. c4 Nf6 3. g3 b6 4. Bg2 Bb7 5. O-O e6 6. Nc3 Be7 7. d4 cxd4 8. Qxd4
d6 9. Bg5 h6 10. Bxf6 Bxf6 11. Qf4 O-O 12. Rfd1 Bxc3 13. bxc3 Qf6 14. Qxd6 Rc8
15. c5 Na6 16. cxb6 axb6 17. Qxb6 Rab8 18. Qd4 Rxc3 19. Ne5 Rc7 20. Rab1 Bxg2
21. Rxb8+ Nxb8 22. Kxg2 Na6 23. Qd6 Qf5 24. Nf3 Qb5 25. Rd2 Qc6 26. Qxc6 Rxc6
27. Ne5 Rc8 28. Rd7 f6 29. Ra7 Nb4 30. a3 Nc2 31. Nd3 Nd4 32. e3 Rc3 33. Nf4
Nb5 34. Ra8+ Kf7 35. a4 Nc7 36. Ra7 Ke7 37. Ne2 Rc5 38. Nd4 Kd6 39. Rxc7 Rxc7
40. Nb5+ Kc6 41. Nxc7 Kxc7 42. Kf3 Kc6 43. Ke4 Kc5 44. a5 h5 45. a6 Kb6 46. Kd4
Kxa6 47. Kc5 e5 48. e4 Ka5 49. Kd5 Kb4 50. f4 h4 51. fxe5 1-0